| 000 | 01686nam a22004337a 4500 | ||
|---|---|---|---|
| 001 | 000104918 | ||
| 003 | CHAP | ||
| 005 | 20230629062636.0 | ||
| 008 | 110602s2011 mx r 00010 spa d | ||
| 010 | _a101380 | ||
| 011 | _a102352 | ||
| 035 | _a113040 | ||
| 040 | _cCHAP | ||
| 090 | _aTesis | ||
| 100 | 1 |
_aTrejo Flores, Maria Nallely _9114747 |
|
| 245 | 1 | 0 |
_aEvaluación de fosfitos en el control de tizón tardio (Phythoptora infestans Mont.) de Bary en papa (Solanum tuberosum L.) _h[En linea] _c/por María Nallely Trejo Flores. |
| 260 |
_aChapingo, Méx. : _bEl autor, _c2011. |
||
| 500 | _aPara ver el contenido del material haga clic en la liga | ||
| 502 | _aTesis (Ing. Agr. Esp. en Fitotecnia) -- UACH. Departamento de Fitotecnia | ||
| 590 |
_aALEPH _b10 _c20130110 _lUCH01 _h1540 |
||
| 590 |
_aBATCH-UPD _b10 _c20130110 _lUCH01 _h1011 |
||
| 590 |
_aBATCH-UPD _b10 _c20130410 _lUCH01 _h0619 |
||
| 590 |
_aBATCH-UPD _b10 _c20130914 _lUCH01 _h1334 |
||
| 590 |
_aBATCH-UPD _b10 _c20140324 _lUCH01 _h1525 |
||
| 590 |
_aBATCH-UPD _b10 _c20141002 _lUCH01 _h0849 |
||
| 590 |
_aCONVERSION _b10 _c20130109 _lUCH01 _h1356 |
||
| 590 |
_aE11695DGD _b10 _c20141006 _lUCH01 _h1111 |
||
| 650 | 1 | 4 |
_aEvaluación. _938913 |
| 650 | 1 | 7 |
_aPapas _xEnfermedades _2 _985227 |
| 650 | 1 | 4 |
_aPhytophthora infestans. _987925 |
| 650 | 1 | 4 |
_aSolanum tuberosum. _9108367 |
| 650 | 1 | 4 |
_aTizón tardío de la papa. _9113451 |
| 856 |
_3Finding aid _uhttp://10.13.5.2/tesis/113040.pdf _zTeclea aqui |
||
| 901 | _aBK | ||
| 942 | _cFOLL | ||
| 942 | _n0 | ||
| 949 |
_aTesis _bBC _cTES _d33724002250553 _eTS1 _gDonaciØn _h52330 _i113040 _st |
||
| 949 |
_aTesis _bBC _cTES _d33724002250595 _eTS2 _fc.2 _gDonaciØn _h52331 _i113040 _st |
||
| 999 |
_c101380 _d101380 |
||